000 00897nam a2200253 i 4500
001 11590
003 ES-MaACL
005 20250902063049.0
007 t|
008 910606s1989 sp ||||0| spa d
020 _a84-7481-546-0
080 _a860 Rodríguez, Claudio 1.06
100 1 _aPrieto de Paula, Ángel L.,
_d1955-
_9157160
245 1 3 _aLa llama y la ceniza
_b: introducción a la poesía de Claudio Rodríguez /
_cAngel L. Prieto de Paula.
250 _a1ª ed.
260 _aSalamanca :
_b[Ediciones Universidad de Salamanca],
_c1989.
300 _a226 p ;
_c24 cm.
490 1 _aActa Salmanticensia. Estudios filológicos ;
_v219
504 _aBibliografía: p. [221]-224.
600 1 4 _aRodríguez, Claudio,
_d1934-1999-
_xCrítica e interpretación
_998225
830 0 0 _aActa Salmanticensia
_v219
_9181394
852 _aES-MaACL
_jL-18971
999 _c11590
_d11590